书目信息 |
| 题名: |
智慧人生全集
|
|
| 作者: | 任浩之 , 邵景田 编著 | |
| 分册: | ||
| 出版信息: | 北京 当代世界出版社 2007.01 |
|
| 页数: | 431页 | |
| 开本: | 26cm | |
| 丛书名: | ||
| 单 册: | ||
| 中图分类: | B821-49 | |
| 科图分类: | ||
| 主题词: | 人生哲学--ren sheng zhe xue--通俗读物 | |
| 电子资源: | ||
| ISBN: | 978-7-5090-0198-1 | |
| 000 | 00874nam0 2200229 450 | |
| 001 | 012007880843 | |
| 005 | 20070929103040.95 | |
| 010 | @a978-7-5090-0198-1@dCNY48.00 | |
| 100 | @a20070725d2007 km y0chiy0120 ea | |
| 101 | 0 | @achi |
| 102 | @aCN@b110000 | |
| 105 | @aa z 000yy | |
| 200 | 1 | @a智慧人生全集@Azhi hui ren sheng quan ji@f任浩之, 邵景田编著@Fren hao zhi,shao jing tian bian zhu |
| 210 | @a北京@c当代世界出版社@d2007.01 | |
| 215 | @a431页@c图@d26cm | |
| 330 | @a本书既囊括了五千年历史大事,又蕴含了丰富的人生哲理,结合丰富的历史案例,告诉你知人、观事、判断、行动的策略,使你的人生臻于完美,为你的成功助一臂之力,帮助你学习人生智慧,经营智慧人生。 | |
| 606 | 0 | @a人生哲学@Aren sheng zhe xue@j通俗读物 |
| 690 | @aB821-49@v4 | |
| 701 | 0 | @a任浩之@Aren hao zhi@4编著 |
| 701 | 0 | @a邵景田@Ashao jing tian@4编著 |
| 801 | 0 | @aCN@c20070929 |
| 905 | @dB821-49@eR479 | |
| 智慧人生全集/任浩之, 邵景田编著.-北京:当代世界出版社,2007.01 |
| 431页:图;26cm |
| ISBN 978-7-5090-0198-1:CNY48.00 |
| 本书既囊括了五千年历史大事,又蕴含了丰富的人生哲理,结合丰富的历史案例,告诉你知人、观事、判断、行动的策略,使你的人生臻于完美,为你的成功助一臂之力,帮助你学习人生智慧,经营智慧人生。 |
| ● |
| 相关链接 |
|
|
|
正题名:智慧人生全集
索取号:B821-49/R479
 
预约/预借
| 序号 | 登录号 | 条形码 | 馆藏地/架位号 | 状态 | 备注 |
| 1 | 248392 | 202483927 | 社科库509/509社科库 26排3列2层/ [索取号:B821-49/R479] | 在馆 | |
| 2 | 248393 | 202483936 | 社科库509/509社科库 26排3列2层/ [索取号:B821-49/R479] | 在馆 |